Primates /

Saved in:
Bibliografiske detaljer
Hovedforfatter: Egozcue Cuixart, Jose
Format: Bog
Sprog:English
Udgivet: Berlin : Borntraeger, 1975.
Serier:Animal cytogenetics ; v. 4, sect. 4. pt. 2, 5
Fag:
LEADER 00821nam a2200229 i 4500
001 c000306542
003 CARM
005 00000000000000.0
008 840316s1975 gw 0 eng d
019 1 |a 69847519  |5 LACONCORD2021 
035 |a (OCoLC)154248890  |5 LACONCORD2021 
082 0 4 |a 575.21 
100 1 |a Egozcue Cuixart, Jose. 
245 1 0 |a Primates /  |c by Jose Egozcue. 
260 |a Berlin :  |b Borntraeger,  |c 1975. 
300 |a 74 p. :  |b ill. 
490 0 |a Animal cytogenetics ;  |v v. 4, sect. 4. pt. 2, 5 
504 |a Bibliography: p. [59]-72. 
650 0 |a Primates  |x Cytogenetics. 
852 8 |b CARM  |h A3:AR05F0  |i C11098  |p 0504593  |f BK 
999 f f |i 79d319ee-0664-5b59-be0a-9a1e52911f82  |s 421d64fa-5f4d-5fc1-932e-d1feb3e4ec3e 
952 f f |p Can circulate  |a CAVAL  |b CAVAL  |c CAVAL  |d CARM 1 Store  |e C11098  |f A3:AR05F0  |h Other scheme  |i book  |m 0504593